00831nam a2200193 i 450000100060000000300090000600500170001500700030003200800410003510000400007624501050011626000290022130000260025065100570027670000320033385201080036599900170047395201470049038802ES-MaACL20231218195702.0t|030226s1937 fr ||||1| fre d1 aCampoamor, Clara,d1888-197293423013aLa révolution espagnole vue par une republicaine / ctraduit de l'espagnol par Antoinette Quinche. aParis : bPlon, c[1937] aIV, 236 p. ; c19 cm. 4aEspaña-xHistoria-y1936-1939, Guerra civil.982921 aQuinche, Antoinette.9946384 aES-MaACLjC-50674 z- Anotación autógrafa de la autora: "Con mi vieja amistad, Clara Campoamor" c38802d38802 00102udc4070aATENEOMbATENEOMcDEPO2d2008-01-17l1oC-50674p1040858q2026-08-08r2026-02-09 00:00:00s2026-02-09w2023-02-23yMONOGRAFIA